000 00842nam a2200229 i 4500
001 bg
100 1 _aIWICKI, Stefan
245 1 0 _aTurystyka w zrównoważonym rozwoju obszarów pojeziornych /
_cStefan Iwicki.
260 _aBydgoszcz :
_bWydaw. Uczelniane AT-R,
_c1998.
300 _a156 s. :
_bmapy ;
_c24 cm.
490 1 _aRozprawy / Akademia Techniczno-Rolnicza im. Jana i Jędrzeja Śniadeckich w Bydgoszczy,
_x0209-0597 ;
_vnr 87
500 _aStreszcz. ang.
504 _aBibliogr. s. 144-152.
650 9 _aPojezierza
_xturystyka
_zPolska
650 9 _aTurystyka
_xekonomika
_zPolska
830 0 _aRozprawy (Akademia Techniczno-Rolnicza im. Jana i Jędrzeja Śniadeckich w Bydgoszczy) ;
_vnr 87
040 _cBPK
041 0 _apl
_ben
080 _a338.48(438:285.2/3)
942 _cKS
008 s pl f |000 0 pol
999 _c37601
_d37601
856 _uhttp://koha.tu.koszalin.pl/cgi-bin/koha/opac-detail.pl?biblionumber=37601
_yKatalog online BPK